The Waite Group's C Programming Using Turbo C++ (Record no. 194678)

000 -LEADER
fixed length control field 00789 a2200169 4500
003 - CONTROL NUMBER IDENTIFIER
control field Nust
005 - DATE AND TIME OF LATEST TRANSACTION
control field 20170207154200.0
040 ## - CATALOGING SOURCE
Transcribing agency Nust
082 ## - DEWEY DECIMAL CLASSIFICATION NUMBER
Classification number 005.265
100 ## - MAIN ENTRY--PERSONAL NAME
Personal name Lafore Robert
245 ## - TITLE STATEMENT
Title The Waite Group's C Programming Using Turbo C++
250 ## - EDITION STATEMENT
Edition statement 2nd ed
260 ## - PUBLICATION, DISTRIBUTION, ETC.
Name of publisher, distributor, etc. Brian Kernighan
Date of publication, distribution, etc. 1978
300 ## - PHYSICAL DESCRIPTION
Extent xxx, 778p
505 ## - FORMATTED CONTENTS NOTE
Formatted contents note The Turbo C++ Development System (Page-1) C Building Blocks (Page-27) Loops (Page-65) Decisions (Page-95) Functions (Page-129) Arrays and Strings (Page-171) Pointers (Page-217) Keyboard and Cursor (Page-261) Structures (Page-299) Turbo C++ Graphics (Page-355) Files (Page-397) Memory (Page-451) Advanced Topics (Page-503) Application Example (Page-535) Hardware-Oriented C (Page-583)
650 ## - SUBJECT ADDED ENTRY--TOPICAL TERM
Topical term or geographic name entry element The Waite Group's C Programming Using Turbo C++
942 ## - ADDED ENTRY ELEMENTS (KOHA)
Source of classification or shelving scheme
Koha item type Book
Holdings
Withdrawn status Lost status Source of classification or shelving scheme Damaged status Not for loan Collection code Permanent Location Current Location Date acquired Total Checkouts Full call number Barcode Date last seen Price effective from Koha item type
            Military College of Signals (MCS) Military College of Signals (MCS) 12/12/2016   005.265 LAF MCS18314 12/08/2016 12/12/2016 Book
© 2023 Central Library, National University of Sciences and Technology. All Rights Reserved.